České národní povstání 1945 : katalog k výstavě konané na Staroměstské radnici v květnu roku 2010 = The 1945 Czech National Uprising : a catalogue of an exhibition held at the Old Town Hall in May 2010 /

Další autoři: Jakl, Tomáš, 1972-, Junek, Marek, 1975-
Jazyk: Čeština
Angličtina
Vydáno: [Praha : Národní muzeum], c2010
Témata:
Externí odkaz: Digitalizovaný dokument
Fyzický popis: [92] s. : il., mapy, portréty ; 21 cm
Language note: Souběžný anglický text
Knihy
Uloženo v:
LEADER 02614nam a2200637 a 4500
001 nkc20102097220
003 CZ PrNK
005 20160919100447.0
007 ta
008 100618s2010 xr abc e c 000 0 cze
015 |a cnb002097220 
020 |a 978-80-7036-284-6  |q (brož.) 
035 |a (OCoLC)649801327 
040 |a ABA001  |b cze 
041 1 |a cze  |a eng  |h cze 
043 |a e-xr---  |b e-xr-pg  |2 czenas 
045 |a x3x4 
072 7 |a 94(437)  |x Dějiny Česka a Slovenska  |2 Konspekt  |9 8 
080 |a 94(437.3)"1945"  |2 MRF 
080 |a 355.426(437.3)"1945"  |2 MRF 
080 |a 94(100)"1939/1945"  |2 MRF 
080 |a 323.25/.26:329.18  |2 MRF 
080 |a 94(437.3)  |2 MRF 
080 |a 94(437.311)  |2 MRF 
080 |a (084.12)  |2 MRF 
080 |a (083.824)  |2 MRF 
245 0 0 |a České národní povstání 1945 :  |b katalog k výstavě konané na Staroměstské radnici v květnu roku 2010 = The 1945 Czech National Uprising : a catalogue of an exhibition held at the Old Town Hall in May 2010 /  |c [autoři koncepce výstavy] Tomáš Jakl, Marek Junek 
246 3 1 |a 1945 Czech National Uprising 
260 |a [Praha :  |b Národní muzeum],  |c c2010 
300 |a [92] s. :  |b il., mapy, portréty ;  |c 21 cm 
504 |a Obsahuje bibliografii 
546 |a Souběžný anglický text 
648 7 |a 1939-1945  |7 ch460653  |2 czenas 
648 7 |a 1945  |7 ch460654  |2 czenas 
650 0 7 |a České květnové povstání (1945)  |7 ph138758  |2 czenas 
650 0 7 |a druhá světová válka (1939-1945)  |7 ph117270  |z Česko  |2 czenas 
650 0 7 |a protifašistický odboj  |7 ph115901  |z Česko  |2 czenas 
650 0 9 |a Czech May uprising (1945)  |2 eczenas 
650 0 9 |a World War (1939-1945)  |z Czechia  |2 eczenas 
650 0 9 |a anti-fascist movements  |z Czechia  |2 eczenas 
651 7 |a Česko  |7 ge128065  |x dějiny  |y 1945  |2 czenas 
651 7 |a Praha (Česko)  |7 ge118011  |x dějiny  |y 1945  |2 czenas 
651 9 |a Czechia  |x history  |y 1945  |2 eczenas 
651 9 |a Prague (Czechia)  |x history  |y 1945  |2 eczenas 
655 7 |a fotografické publikace  |7 fd132276  |2 czenas 
655 7 |a katalogy výstav  |7 fd132536  |2 czenas 
655 9 |a photographical works  |2 eczenas 
655 9 |a exhibition catalogs  |2 eczenas 
700 1 |a Jakl, Tomáš,  |d 1972-  |7 jn20000401173  |4 ccp 
700 1 |a Junek, Marek,  |d 1975-  |7 jo20000076496  |4 ccp 
856 4 1 |u http://www.digitalniknihovna.cz/mzk/uuid/uuid:50cb01b0-5aa6-11e4-8b11-005056827e51  |y Digitalizovaný dokument  |x NDK 
910 2 |a BOA001  |b 2-1244.640 
990 |a BK 
995 |a 01 
991 |b 201007  |c NOV 
996 6 |b 2610440522  |c 2-1244.640  |l MZK  |r Sklad / do 1 hodiny  |n 2  |p p.v.  |w 001127517  |u 000010  |a 1  |e BOA001  |j MZK50  |s P